Építik a röszkei pihenőt még mindig matricásnak tűnik az új M5-ös szakasz /
Elmentve itt :
| Szerző: | |
|---|---|
| Dokumentumtípus: | Cikk |
| Megjelent: |
2006-03-29
|
| Sorozat: | Délmagyarország
96 No. 74 |
| Kulcsszavak: | Röszke, Útépítés M5-ös autópálya pihenőhely |
| Online Access: | http://dmarchiv.bibl.u-szeged.hu/136088 |
| LEADER | 00545nab a2200157 i 4500 | ||
|---|---|---|---|
| 001 | delm136088 | ||
| 005 | 20191218083246.0 | ||
| 008 | 191218s2006 hu o 0|| hun d | ||
| 040 | |a SZTE Délmagyarország Archívum |b hun | ||
| 041 | |a hun | ||
| 100 | 1 | |a Fekete Klára | |
| 245 | 1 | 0 | |a Építik a röszkei pihenőt |h [elektronikus dokumentum] : |b még mindig matricásnak tűnik az új M5-ös szakasz / |c Fekete Klára |
| 260 | |c 2006-03-29 | ||
| 300 | |a 1, 5 | ||
| 490 | 0 | |a Délmagyarország |v 96 No. 74 | |
| 695 | |a Röszke, Útépítés M5-ös autópálya pihenőhely | ||